Movies Quiz

Random Movies or Clickable Quiz

Star Wars Movies: Oldest to Newest Quiz Stats

 Plays Quiz Updated Dec 21, 2019

Support Sporcle.
Go Orange.
Score 0/12 Timer 01:30
16 Plays Today
% Correct
???
100%
???
92.3%
???
83.1%
???
76.1%
???
65.7%
???
57.6%
???
46.5%
???
41.9%
???
38.7%
???
34.5%
???
34%
???
32.1%

You're not logged in!

Compare scores with friends on all Sporcle quizzes.
OR
Log In

From the Vault

Charlie Chaplin Films

by renault

Sir Charles Spencer Chaplin is considered one of the finest mimes and clowns ever captured on film...yet how well do you know his movies?
Remove Ads.
Support Sporcle.
Get the best of Sporcle when you Go Orange. This ad-free experience offers more features, more stats, and more fun while also helping to support Sporcle. Thank you for becoming a member.

Show Comments

Extras

Top Quizzes Today


Score Distribution

Your Account Isn't Verified!

In order to create a playlist on Sporcle, you need to verify the email address you used during registration. Go to your Sporcle Settings to finish the process.

Report this User

Report this user for behavior that violates our Community Guidelines.

Details: